000
00290nam a22001337a 4500
008
170712b xxu||||| |||| 00| 0 eng d
020
_a
9781853263507
041
_a
eng
080
_a
038
100
_a
23
101
_a
ENC
245
_a
DICTIONARY OF ANAGRAMS
_c
CURL,M
942
_2
udc
_c
BK
999
_c
20288
_d
20288